| 000 | 00613nam a22001937a 4500 | ||
|---|---|---|---|
| 005 | 20150202121845.0 | ||
| 008 | 150202b xxu||||| |||| 00| 0 eng d | ||
| 040 | _aANE | ||
| 041 | _aEs | ||
| 082 | _appde20150202-3 | ||
| 110 | _aDiario Expreso 20150202 | ||
| 245 | _aEl planteamiento de las salvaguardias en la recta final | ||
| 300 | _a20150202 | ||
| 650 | _aCAN | ||
| 650 | _aSalvaguardias | ||
| 650 | _aDevaluación Monetaria | ||
| 856 | _uhttp://documentacion.asambleanacional.gob.ec/alfresco/d/d/workspace/SpacesStore/96b9c439-da91-48c8-a2d1-dbb2c310e987/ppde20150202-3.pdf | ||
| 942 |
_2ddc _cAP _zpc |
||
| 999 |
_c27345 _d27345 |
||